000
00343nam a2200157Ia 4500
003
Ost
005
20260225132539.0
008
260225s9999||||xx |||||||||||||| ||und||
040
_c
fsic
041
_a
fre
082
_a
301
100
_a
Jaques mouriquand
_e
Auteur
245
0
_a
L'enquete /
245
0
_c
Jaques mouriquand
942
_c
كتاب
999
_c
33377
_d
33377